[Event "GER-chT9 LI-01 Br04 email"]
[Site "GER email"]
[Date "2011.10.16"]
[Round "?"]
[White "Bauer, Manfred"]
[Black "Danco, Alexander"]
[Result "1-0"]
[WhiteElo "2161"]
[BlackElo "2111"]
[PlyCount "127"]
[EventDate "2011.10.23"]
[EventType "tourn (corr)"]
[EventRounds "9"]
[EventCountry "GER"]
[SourceTitle "Corr 2015"]
[Source "ChessBase"]
[SourceDate "2015.07.17"]
[SourceVersion "1"]
[SourceVersionDate "2015.07.17"]
[SourceQuality "1"]

1. e4 e5 2. Nf3 Nc6 3. d4 exd4 4. Nxd4 Nf6 5. Nxc6 bxc6 6. e5 Qe7 7. Qe2 Nd5 8. c4 Ba6 9. b3 Qh4 10. a3 Bc5 11. g3 Qe7 12. Bb2 Nb6 13. Qc2 f6 14. Bd3 d5 15. 0-0 dxc4 16. bxc4 fxe5 17. Nd2 0-0-0 18. Nb3 Rhf8 19. Nxc5 Qxc5 20. Be2 e4 21. Bxg7 Rfe8 22. Bh6 Bxc4 23. Rfc1 Qd6 24. Bf4 Bd3 25. Bxd6 Bxc2 26. Bf4 Bd3 27. Bh5 Rg8 28. Rxc6 Nd5 29. Bh6 Bb5 30. Rc5 Be8 31. Bd1 Rg6 32. Bb3 e3 33. Bxe3 Nxe3 34. fxe3 Rd2 35. Rac1 c6 36. Bc2 Rf6 37. Bf5+ Kc7 38. e4 Rh6 39. h4 Bd7 40. R1c2 Rd3 41. R5c3 Bxf5 42. exf5 Rd4 43. Kg2 Rf6 44. h5 Rxf5 45. Rxc6+ Kd8 46. Rc8+ Ke7 47. R2c7+ Rd7 48. g4 Rfd5 49. Kh3 Kf7 50. a4 Rd1 51. Rxd7+ Rxd7 52. Rc6 Rd5 53. Ra6 Rd7 54. Kh4 Rc7 55. h6 Rb7 56. Rc6 Ke8 57. g5 Kd7 58. Ra6 Ke8 59. Kh5 Kf8 60. Rc6 Kf7 61. Rc8 Rb1 62. Rc7+ Kg8 63. Rg7+ Kh8 64. Rxa7 1-0

[Event "GER-chT9 LI-01 Br04 email"]
[Site "GER email"]
[Date "2011.10.16"]
[Round "?"]
[White "Bittner, Axel"]
[Black "Danco, Alexander"]
[Result "1/2-1/2"]
[WhiteElo "2012"]
[BlackElo "2111"]
[PlyCount "53"]
[EventDate "2011.10.23"]
[EventType "tourn (corr)"]
[EventRounds "9"]
[EventCountry "GER"]
[SourceTitle "Corr 2015"]
[Source "ChessBase"]
[SourceDate "2015.07.17"]
[SourceVersion "1"]
[SourceVersionDate "2015.07.17"]
[SourceQuality "1"]

1. d4 d5 2. Nf3 Nf6 3. c4 c6 4. Nc3 e6 5. g3 dxc4 6. Bg2 Nbd7 7. 0-0 b5 8. e4 b4 9. e5 Nd5 10. Ne4 Qb6 11. Re1 h6 12. Be3 Ba6 13. Rc1 c5 14. dxc5 Nxe3 15. Qxd7+ Kxd7 16. cxb6 Nxg2 17. Red1+ Ke8 18. Nfd2 Bb7 19. Rxc4 axb6 20. Rc7 Bd5 21. Kxg2 Kd8 22. Rxf7 Rxa2 23. Rb1 Ke8 24. Rc7 Kd8 25. Rf7 Ke8 26. Rc7 Kd8 27. Rf7 1/2-1/2

[Event "GER-chT9 LI-01 Br04 email"]
[Site "GER email"]
[Date "2011.10.16"]
[Round "?"]
[White "Danco, Alexander"]
[Black "Fuss, Thomas"]
[Result "1/2-1/2"]
[WhiteElo "2111"]
[BlackElo "2084"]
[PlyCount "89"]
[EventDate "2011.10.23"]
[EventType "tourn (corr)"]
[EventRounds "9"]
[EventCountry "GER"]
[SourceTitle "Corr 2015"]
[Source "ChessBase"]
[SourceDate "2015.07.17"]
[SourceVersion "1"]
[SourceVersionDate "2015.07.17"]
[SourceQuality "1"]

1. e4 c5 2. Nf3 Nc6 3. d4 cxd4 4. Nxd4 Nf6 5. Nc3 e5 6. Ndb5 d6 7. Bg5 a6 8. Na3 b5 9. Bxf6 gxf6 10. Nd5 f5 11. Bd3 Be6 12. 0-0 Bxd5 13. exd5 Ne7 14. Nxb5 Bg7 15. Nc3 e4 16. Bc4 Ng6 17. Qh5 Bxc3 18. bxc3 Qf6 19. Qh6 Qxc3 20. Be2 Qe5 21. Rab1 Qf4 22. Qg7 Qe5 23. Qxe5+ Nxe5 24. f3 0-0 25. Rb6 Rfc8 26. Rc1 Nd3 27. Bxd3 exd3 28. c4 Re8 29. Rd1 Re2 30. Rxd3 Rxa2 31. Rxd6 Rb8 32. Rd1 Rbb2 33. Kh1 Rxg2 34. Rd8+ Kg7 35. Rg1 Rxg1+ 36. Kxg1 Rc2 37. Rc8 Rd2 38. Kf1 f4 39. Ra8 Rd4 40. Ke2 Rxc4 41. Kd3 Rb4 42. Rxa6 f5 43. Kc3 Rb1 44. Kd4 Rb3 45. Ke5 1/2-1/2

[Event "GER-chT9 LI-01 Br04 email"]
[Site "GER email"]
[Date "2011.10.16"]
[Round "?"]
[White "Danco, Alexander"]
[Black "Schulz, Volker"]
[Result "1/2-1/2"]
[WhiteElo "2111"]
[BlackElo "2281"]
[PlyCount "57"]
[EventDate "2011.10.23"]
[EventType "tourn (corr)"]
[EventRounds "9"]
[EventCountry "GER"]
[SourceTitle "Corr 2015"]
[Source "ChessBase"]
[SourceDate "2015.07.17"]
[SourceVersion "1"]
[SourceVersionDate "2015.07.17"]
[SourceQuality "1"]

1. e4 c5 2. Nf3 d6 3. d4 cxd4 4. Nxd4 Nf6 5. Nc3 a6 6. Be3 e5 7. Nb3 Be6 8. Qd2 Be7 9. f3 0-0 10. 0-0-0 Nbd7 11. g4 b5 12. g5 Nh5 13. Nd5 Bxd5 14. exd5 f6 15. h4 Ng3 16. Rg1 Nxf1 17. Rdxf1 a5 18. Qd3 a4 19. Nd2 f5 20. Qxb5 Qc7 21. Qc6 Qxc6 22. dxc6 Nb8 23. Nc4 Nxc6 24. Rd1 Ra6 25. Bf2 g6 26. Kb1 Rd8 27. Ne3 Kf7 28. Nd5 Rd7 29. Rd3 1/2-1/2

[Event "GER-ch34 V4 email"]
[Site "GER email"]
[Date "2002.03.23"]
[Round "?"]
[White "Rosenzweig, Peter"]
[Black "Danco, Alexander"]
[Result "1-0"]
[WhiteElo "2223"]
[BlackElo "2064"]
[PlyCount "151"]
[EventDate "2002.03.23"]
[EventType "tourn (corr)"]
[EventRounds "10"]
[EventCountry "GER"]
[SourceTitle "Corr 2008"]
[Source "ChessBase"]
[SourceDate "2008.06.24"]
[SourceVersion "1"]
[SourceVersionDate "2008.06.24"]
[SourceQuality "1"]

1. c4 c5 2. g3 g6 3. Bg2 Bg7 4. Nc3 Nc6 5. a3 d6 6. d3 Nf6 7. e4 0-0 8. Nge2 a6 9. Rb1 Rb8 10. b4 Bg4 11. 0-0 Qd7 12. f3 Bh3 13. Bxh3 Qxh3 14. bxc5 dxc5 15. Na4 Ne5 16. Qc2 Qc8 17. f4 Ned7 18. e5 Ng4 19. h3 Nh6 20. g4 Rd8 21. Nec3 e6 22. Be3 b6 23. Ne4 Qc6 24. Bf2 Bf8 25. Bh4 Rdc8 26. Nac3 b5 27. Qg2 b4 28. Nf6+ Nxf6 29. Qxc6 Rxc6 30. Bxf6 Bg7 31. Bh4 a5 32. Ne4 Bf8 33. axb4 cxb4 34. Ra1 Ra6 35. Ra4 Kg7 36. Bf6+ Kg8 37. Rfa1 b3 38. Rb1 Rb4 39. Rxb4 Bxb4 40. Rxb3 Kf8 41. Ng5 Rb6 42. Kg2 a4 43. c5 axb3 44. cxb6 Ba5 45. b7 Bc7 46. Bd8 Bb8 47. Ne4 Ke8 48. Ba5 Kd7 49. Nc5+ Kc6 50. Nxb3 Ng8 51. Kf3 Kxb7 52. Bb4 Kc6 53. Ke4 Bc7 54. Nd4+ Kd7 55. f5 Ne7 56. Bxe7 gxf5+ 57. gxf5 Kxe7 58. Nb5 Ba5 59. d4 Bb4 60. f6+ Ke8 61. d5 Kd7 62. d6 Ba5 63. Nd4 Bd2 64. Nf3 Bc1 65. h4 h6 66. h5 Kd8 67. Nh4 Ke8 68. Ng6 Bb2 69. Nh8 Bc3 70. Nxf7 Kxf7 71. d7 Ba5 72. Kd4 Bb6+ 73. Kc4 Bc7 74. Kc5 Ba5 75. Kc6 Kf8 76. Kb7 1-0